| 000 | 00764nam a22002177a 4500 | ||
|---|---|---|---|
| 999 |
_c20593 _d20593 |
||
| 003 | AR-CdUCM | ||
| 008 | 190531b ||||| |||| 00| 0 spa d | ||
| 040 |
_aMUNICIPALIDAD PROVINCIAL DEL CUSCO _cBIBLIOTECA MUNICIPAL DEL CUSCO |
||
| 041 | _heng | ||
| 082 |
_a923.73 / _bG977 |
||
| 100 |
_aGunther, John _939276 |
||
| 245 | _aRoosevelt en perspectiva un perfil en la historia / | ||
| 260 |
_aBrasil : _bAmericana, _c1976. |
||
| 300 |
_a358 páginas ; _c24 cm. |
||
| 505 | _aContenido: La perspectiva histórica -- El hombre -- Algunas de sus grandes cualidades y atributos... | ||
| 650 |
_aBiografía _922 |
||
| 650 |
_aEstados unidos _929155 |
||
| 700 |
_aFérnandez Calzada, Héctor (traducción) _943046 |
||
| 942 |
_2ddc _cLIBROS |
||
| 945 |
_adavv _d2019-05-31 |
||